Integrity in the college curriculum : a report to the academic community
Αποθηκεύτηκε σε:
| Συγγραφή απο Οργανισμό/Αρχή: | |
|---|---|
| Μορφή: | Βιβλίο |
| Γλώσσα: | English |
| Δημοσίευση: |
Washington :
Association of American Colleges,
c1990
|
| Θέματα: | |
| Ετικέτες: |
Προσθήκη ετικέτας
Δεν υπάρχουν, Καταχωρήστε ετικέτα πρώτοι!
|
MARC
| LEADER | 00000nam a2200000 i 4500 | ||
|---|---|---|---|
| 001 | 1/24647 | ||
| 008 | 981202s1990 eng d | ||
| 020 | |a 0-911696-49-0 | ||
| 035 | |l 10037140 | ||
| 040 | |a GR-MY-UA |b gre |e aacr | ||
| 041 | 0 | |a eng | |
| 082 | 0 | |a 378.24 | |
| 110 | 2 | |a Project on Redefining the Meaning and Purpose of Baccalaureate Degrees (Association of American Colleges) | |
| 245 | 1 | 0 | |a Integrity in the college curriculum : |b a report to the academic community / |c Project on Redefining the Meaning and Purpose of Baccalaureate Degrees |
| 260 | |a Washington : |b Association of American Colleges, |c c1990 | ||
| 300 | |a 47 p. | ||
| 650 | 0 | 0 | |a Bachelor of arts degree |z United States. |
| 650 | 0 | 0 | |a Bachelor of liberal sturies |z United States. |
| 650 | 0 | 0 | |a Universities and colleges |z United States |x Curricula |x Evaluation. |
| 650 | 0 | 0 | |a College teaching |z United States. |
| 852 | |a INST |b LESVOS |e 19981202 |h 378.24 INT |p 005100017129 |q 005100017129 |t BK |y 0 | ||
| 901 | |a BIBL-1999-1 | ||
| 909 | |a Λ |b 060946 | ||
| 922 | |a 1ΕΛΗ |b 199811 |c ΚΠΣ/ΚΥΒ |d ΠΑΠΑΣΩΤΗΡΙΟΥ | ||
| 950 | |a 023-1998-03-23 | ||